| 000 | 00945nam a22002417a 4500 | ||
|---|---|---|---|
| 999 |
_c96119 _d96119 |
||
| 005 | 20220804114144.0 | ||
| 010 | _a1516EN07 | ||
| 020 |
_a9788121915311 _c595.00 |
||
| 020 |
_a9788121915311 _c625.00 (AV) |
||
| 035 | _aB-611577-609 | ||
| 035 | _aB-667822 | ||
| 037 |
_aDPL _bUBH/VEN |
||
| 082 | _a480 | ||
| 100 | _aAggarwal, R.S. | ||
| 245 |
_aObjective general english / _cby R.S. Aggarwal [ and] Vikas Aggarwal |
||
| 260 |
_aNew Delhi _bS.Chand _c2015 |
||
| 270 |
_a7361 Ram Nagar _bNew Delhi _e110055 |
||
| 300 |
_a652p. _c24cm(pbk) |
||
| 700 | _aAggarwal, Vikas | ||
| 942 |
_2ddc _cEN _h480 _mAGG |
||